Teplotechnika a hydrotechnika Pre MF

Bibliographic Details
Main Author: Havelka, Juraj (Author)
Format: Book
Language:Slovak
PhysicalDescription:259 s., 16,19 AH Sch. 29 cm
Published: Bratislava S.l. Príroda VŠP v Nitre [vyd.] 1983
Edition:3. vyd.
Series:Vysokoškolské učebné texty
Subjects:

MARC

LEADER 00000nam a2200000 a 4500
001 vtls001091240
003 SK-MaSNL
005 20260301062410.0
008 250414s1983 xo 0 slo
015 |a SNBA1983/05 
035 |a SNK000034082 
040 |a SNK  |b slo  |c SNK  |e AACR2 
041 0 |a slo 
044 |a xo  |c SK 
080 |a 532+536(075.8)  |2 1981 
080 |a 536(075.8)  |2 1981 
100 1 |a Havelka, Juraj  |4 aut  |9 279375 
245 1 0 |a Teplotechnika a hydrotechnika  |b Pre MF  |c Juraj Havelka 
250 |a 3. vyd. 
260 |a Bratislava  |b Príroda  |a S.l.  |b VŠP v Nitre [vyd.]  |c 1983  |e Nitra  |f Nitrianske tlačiarne 
300 |a 259 s., 16,19 AH  |b Sch.  |c 29 cm 
366 |e 400 výtl. 
490 1 |a Vysokoškolské učebné texty 
504 |a Obsahuje bibliografiu 
650 0 7 |a tepelná technika  |2 SNKPH  |9 67725 
650 0 7 |a hydrotechnika  |2 SNKPH  |9 69205 
655 7 |a učebnice vysokých škôl  |2 SNKPH  |9 70191 
830 0 |a Vysokoškolské učebné texty  |9 276539 
852 |a Slovenská národná knižnica 
954 |a teplotechnika  |a hydrotechnika 
958 |a OND 
958 |a NB 
958 |a TL 
958 |a UV 
999 |c 620488  |d 622418 
952 |a SNK  |b SNK  |y PREZ  |7 0  |p 17A0782361  |o snkSB 35495  |0 0  |1 0  |4 0  |d 2012-03-15  |l 0  |r 2025-04-11 00:00:00  |w 2026-02-23 
952 |t P60, <04>, [BOOK], {604}  |a SNK  |b SNK  |y VYP  |7 0  |p 17A0238683  |o snkSB 35495 D1  |0 0  |1 0  |4 0  |d 2000-05-15  |l 0  |r 2004-12-31 00:00:00  |w 2026-02-23